| 000 | 00575nam a2200193 i 4500 | ||
|---|---|---|---|
| 001 | 32835 | ||
| 003 | ES-MaACL | ||
| 005 | 20230906154638.0 | ||
| 007 | t| | ||
| 008 | 030131s1978 sp ||||1| spa d | ||
| 100 | 1 |
_aBenito Ruano, Eloy. _927689 |
|
| 245 | 1 | 0 |
_a"San Borondón" _b: octava isla canaria / _cEloy Benito Ruano. |
| 260 |
_aValladolid : _bUniversidad, _c1978. |
||
| 300 |
_a89 p. : _bil. ; _c25 cm. |
||
| 490 | 1 |
_aCuadernos colombinos ; _v8 |
|
| 830 | 0 |
_aCuadernos colombinos ; _v8 _9229433 |
|
| 852 |
_aES-MaACL _jL-1585 _bR.102368 |
||
| 999 |
_c32835 _d32835 |
||